El derecho y las ciencias sociales (Record no. 149510)

MARC details
000 -LEADER
campo de control de longitud fija 00644nam a2200181 i 4500
001 - NÚMERO DE CONTROL
campo de control 149510
003 - IDENTIFICADOR DE NÚMERO DE CONTROL
campo de control ES-MaACL
005 - FECHA Y HORA DE LA ÚLTIMA TRANSACCIÓN
campo de control 20250809062557.0
007 - CAMPO FIJO DE DESCRIPCIÓN FÍSICA--INFORMACIÓN GENERAL
campo de control de longitud fija t|
008 - DATOS DE LONGITUD FIJA--INFORMACIÓN GENERAL
campo de control de longitud fija 071023s1910 sp ||||1| spa d
100 1# - ENTRADA PRINCIPAL--NOMBRE DE PERSONA
Nombre de persona Varela y Romero, Diego.
9 (RLIN) 113176
245 13 - MENCIÓN DEL TÍTULO
Título El derecho y las ciencias sociales
Resto del título : función social del derecho y sus cultivadores : tesis doctoral /
Mención de responsabilidad, etc. Diego Varela y Romero.
260 ## - PUBLICACIÓN, DISTRIBUCIÓN, ETC.
Lugar de publicación, distribución, etc. Granada :
Nombre del editor, distribuidor, etc. [s.n.],
Fecha de publicación, distribución, etc. 1910 (
Fabricante Imp. F. Gómez de la Cruz)
300 ## - DESCRIPCIÓN FÍSICA
Extensión 58 p. ;
Dimensiones 21 cm.
650 #4 - PUNTO DE ACCESO ADICIONAL DE MATERIA--TÉRMINO DE MATERIA
Término de materia o nombre geográfico como elemento de entrada Derecho-
Subdivisión general Filosofía
9 (RLIN) 11620
852 ## - LOCALIZACIÓN
Ubicación ES-MaACL
Número de control de estantería T-1208-F-3
Nota libre .- Dedicatoria manuscrita del autor
Holdings
Estatus retirado Estado de pérdida Estado de daño No para préstamo Colección Biblioteca de origen Biblioteca actual Ubicación en estantería Fecha de adquisición Fuente de adquisición Total de préstamos Signatura topográfica completa Código de barras Visto por última vez Precio de reemplazo Tipo de ítem Koha
        Colección de folletos Biblioteca del Ateneo de Madrid Biblioteca del Ateneo de Madrid Depósito folletos 17/01/2008     T-1208-F-3 1156019 23/02/2023 23/02/2023 Folleto